| 000 | 00453cam a22001931 4500 | ||
|---|---|---|---|
| 001 | sa 66000183 | ||
| 003 | DLC | ||
| 005 | 20260227112213.0 | ||
| 008 | 881028s1965 xx 000 0 beno | ||
| 010 | _asa 66000183 | ||
| 035 | _a(OCoLC)23567910 | ||
| 040 |
_aDLC _cMiU _dDLC |
||
| 050 | 0 | 0 |
_aPK1718.S277 _bM3 |
| 100 | 1 | _aSanyal, Biswa Bandhu. | |
| 245 | 1 | 0 | _aMālikā Begama. |
| 260 | _c[1965] | ||
| 300 |
_a226 p. _c23 cm. |
||
| 500 | _aRomanized. | ||
| 999 |
_c67097 _d67097 |
||